000 00843cab a2200229 4500
001 WB3502-16
008 090401t1999 xxu||||| |||| 00| 0 eng d
035 _a(Sirsi) u90638
041 _aeng
245 _aBad landlords lose in marriage stakes
260 _c1999
350 _a0
490 _aEstates Gazette
_v(9901) 9 January 1999, 34(1)
520 _aDiscusses "Russell v Wellington Property Co" highlighting the powers available to leasehold valuation tribunals under the Landlord and Tenant Act 1987 for appointing managers whereby marriage value is discounted when assessing the price.
650 _aLANDLORD AND TENANT ACT 1987
650 _aMARRIAGE VALUE
650 _aMISMANAGEMENT
650 _aRUSSELL V WELLINGTON PROPERTY CO
690 _aLANDLORD AND TENANT-LEASEHOLD REFORM
942 _n0
948 _c12/01/1999
999 _c57473
_d57473